English Premier League Table 2016/2017 - Statistics

General Stats
  • This quiz has been taken 139 times
    115 since last reset
  • The average score is 9 of 20
Answer Stats
Team Answer % Correct
1 Chelsea
100%
2 Tottenham
80%
3 Manchester City
75%
4 Liverpool
73%
5 Arsenal
68%
6 Manchester United
68%
7 Everton
64%
8 Southampton
44%
20 Sunderland
33%
11 West Ham
32%
9 Bournemouth
31%
18 Hull
30%
10 West Brom
30%
14 Crystal Palace
29%
12 Leicester
29%
13 Stoke
29%
19 Middlesbrough
26%
15 Swansea
25%
17 Watford
22%
16 Burnley
21%
No matching quizzes found
Score Distribution
Percent of People with Each Score
Percentile by Number Answered
Your Score History
You have not taken this quiz since the last reset